Rozhovor J.V.Stalina s korešpondentom moskovskej Pravdy

Bibliographic Details
Main Author: Stalin, Josif Vissarionovič, 1879-1953 (Author)
Format: Book
Language:Slovak
PhysicalDescription:7 strán 23 cm
Published: Bratislava Kultúrno-propagačné oddelenie sekretariátu ÚV KSS Pravda 1951
Subjects:

MARC

LEADER 00000cam a2200000 a 4500
001 vtls008398333
003 SK-MaSNL
005 20260302004144.0
008 230403s1951 xo gr 000 0 slo
015 |a SNBA19451955-011397 
020 |q (brožované) 
035 |a SK01SNKBKSFS20020090550 
035 |a urn:nbn:sk:snk-am3i8hy 
035 |a FD8A9988-407C-4C8A-AE82-8C3DC4EDA2BA 
035 |a urn:nbn:sk:snk-am00dxei 
035 |a SKM000093013 
040 |a SNK  |b slo  |c SNK  |e AACR2 
041 0 |a slo 
043 |a e-ur--- 
044 |a xo  |c SK 
080 |a 32-051  |2 2011 
080 |a (047.53)  |2 2011 
080 |a 327  |2 2011 
080 |a (47+57)  |2 2011 
100 1 |a Stalin, Josif Vissarionovič,  |d 1879-1953  |4 aut  |9 9996 
245 1 0 |a Rozhovor J.V.Stalina s korešpondentom moskovskej Pravdy 
260 |a Bratislava  |b Kultúrno-propagačné oddelenie sekretariátu ÚV KSS  |b Pravda  |c 1951  |e Bratislava  |f Pravda 
300 |a 7 strán  |c 23 cm 
366 |e 100000 kusov 
600 1 7 |a Stalin, Josif Vissarionovič,  |d 1879-1953  |2 SNKMA  |9 9996 
650 0 7 |a politici  |2 SNKPH  |9 2679 
650 0 7 |a zahraničná politika  |2 SNKPH  |9 971 
651 7 |a Sovietsky zväz  |2 SNKPHgeo  |9 22126 
655 7 |a rozhovory  |2 SNKPH  |9 31831 
852 |a Slovenská národná knižnica 
954 |a odborná, vedecká literatúra cudzojazyčná (svetová)  |2 lita 
958 |a ONDV 
958 |a RK 
999 |c 994828  |d 996758 
952 |a SNK  |b SNK  |y PREZ  |7 0  |p 17A0827139  |o snkSC 12178  |i snkKSF 1893/58  |8 5  |0 0  |1 0  |4 0  |d 2019-12-09  |f 1  |l 0  |r 2025-07-11 00:00:00  |w 2026-02-24